| 000 | 00849nam a2200193 4500 | ||
|---|---|---|---|
| 999 |
_c10556 _d10556 |
||
| 008 | 180905b ||||| |||| 00| 0 eng d | ||
| 020 | _a978-1-4725-9274-3 | ||
| 082 |
_22017 _aDC 801.95 _bK661 |
||
| 100 |
_aKlages, Mary _930941 |
||
| 245 |
_aLiterary theory : _bthe complete guide / _cMary Klages. |
||
| 260 |
_aLondon, UK : _bBloomsbury Academic, an imprint of Bloomsbury Publishing Plc, _c©2017. |
||
| 300 |
_a287 pages ; _c24 cm |
||
| 500 | _aIncludes index. | ||
| 505 | _aIntroduction: Humanist Literary Theory -- Structuralism -- Deconstruction -- Psychoanalysis -- Feminist Theories -- Queer Theories -- Ideology and Discourse -- Race and Postcolonialism -- Ecocriticism -- Postmodernism -- Biographies -- Terms. | ||
| 650 |
_aLiterature -- Philosophy. _930942 |
||
| 650 |
_aCriticism. _930943 |
||
| 365 |
_b3,134 _cPhp |
||
| 942 |
_2ddc _cDC |
||